[Event "BAN-ch (Women)"]
[Site "Dhaka"]
[Date "2024.05.24"]
[Round "5"]
[White "Sultana, Sharmin Shirin"]
[Black "Noshin, Anjum"]
[Result "0-1"]
[WhiteElo "1927"]
[BlackElo "2025"]
[PlyCount "90"]
[EventDate "2024.05.20"]
[EventType "tourn"]
[EventRounds "11"]
[EventCountry "BAN"]
[SourceTitle "CBM 220 Extra"]
[Source "ChessBase"]
[SourceDate "2024.07.31"]
[SourceVersion "1"]
[SourceVersionDate "2024.07.31"]
[SourceQuality "1"]

1. d4 d5 2. Nf3 Nf6 3. c4 e6 4. g3 dxc4 5. Qa4+ Bd7 6. Qxc4 Bc6 7. Bg2 Nbd7 8. Nc3 Nb6 9. Qd3 Bb4 10. 0-0 0-0 11. Bg5 h6 12. Bxf6 Qxf6 13. e4 Rfd8 14. Rfd1 a6 15. Ne5 Be8 16. Qe3 c5 17. Ng4 Qe7 18. d5 Nc4 19. Qc1 Qg5 20. Ne3 Nxe3 21. Qxe3 Qxe3 22. fxe3 e5 23. a3 Bxc3 24. bxc3 Ba4 25. Rd2 Bb3 26. Rb1 c4 27. Rf1 Rd6 28. h4 b5 29. Rdf2 Ra7 30. Bh3 a5 31. Rc1 Kf8 32. Bf1 Ke7 33. Be2 Rf6 34. Rg2 Kd6 35. g4 Kc5 36. g5 Rd6 37. gxh6 gxh6 38. Bh5 b4 39. axb4+ axb4 40. Rg8 bxc3 41. Rc8+ Kb5 42. Rb8+ Rb6 43. Rxb6+ Kxb6 44. Rxc3 Ra1+ 45. Kf2 Kc5 0-1

[Event "BAN-ch U18 41st"]
[Site "Dhaka"]
[Date "2023.12.31"]
[Round "9"]
[White "Md Sajidul, Haque"]
[Black "Noshin, Anjum"]
[Result "0-1"]
[WhiteElo "1875"]
[BlackElo "1964"]
[PlyCount "128"]
[EventDate "2023.12.25"]
[EventType "swiss"]
[EventRounds "9"]
[EventCountry "BAN"]
[SourceTitle "CBM 217 Extra"]
[Source "ChessBase"]
[SourceDate "2024.01.31"]
[SourceVersion "1"]
[SourceVersionDate "2024.01.31"]
[SourceQuality "1"]

1. d4 d5 2. Bf4 c5 3. e3 Nc6 4. Nf3 Nf6 5. Nbd2 Nh5 6. Bg5 h6 7. Bh4 g5 8. Bg3 Nxg3 9. hxg3 g4 10. Ne5 Nxe5 11. dxe5 Bg7 12. Bb5+ Kf8 13. Rh5 c4 14. c3 Qb6 15. Ba4 Qxb2 16. Rc1 Qb6 17. e4 Qg6 18. Rh4 Bxe5 19. exd5 Bf6 20. Rh1 Bg5 21. Qe2 Qf5 22. Rd1 Qxd5 23. Ne4 Qa5 24. Qxc4 Be6 25. Qd4 Rg8 26. f4 gxf3 27. gxf3 Rc8 28. f4 Bf6 29. Nxf6 exf6 30. Rxh6 Qxc3+ 31. Qxc3 Rxc3 32. f5 Bxf5 33. Rxf6 Be6 34. Bb3 Ke7 35. Rf4 Bxb3 36. axb3 Rgxg3 37. b4 Rg1+ 38. Kd2 Rxd1+ 39. Kxc3 Rc1+ 40. Kd3 b5 41. Re4+ Kd6 42. Rf4 Ke6 43. Re4+ Kf5 44. Rh4 a6 45. Rh6 f6 46. Rh8 Rc4 47. Ra8 Rxb4 48. Rxa6 Kg5 49. Ke3 f5 50. Ra8 Rb3+ 51. Ke2 b4 52. Kf2 Kg4 53. Rg8+ Kf4 54. Rc8 Rb2+ 55. Kg1 Kg3 56. Rg8+ Kf3 57. Kh1 f4 58. Rb8 Ke2 59. Re8+ Kf2 60. Re4 f3 61. Kh2 b3 62. Re7 Re2 63. Rb7 b2 64. Kh3 Ke1 0-1

[Event "Asian Games (Women)"]
[Site "Hangzhou"]
[Date "2023.09.25"]
[Round "4"]
[White "Noshin, Anjum"]
[Black "Seo, Jiwon"]
[Result "1-0"]
[WhiteElo "1952"]
[BlackElo "1742"]
[PlyCount "109"]
[EventDate "2023.09.24"]
[EventType "swiss (rapid)"]
[EventRounds "9"]
[EventCountry "CHN"]
[SourceTitle "CBM 216 Extra"]
[Source "ChessBase"]
[SourceDate "2023.11.30"]
[SourceVersion "1"]
[SourceVersionDate "2023.11.30"]
[SourceQuality "1"]

1. e4 c6 2. d4 d5 3. e5 Bf5 4. Nd2 e6 5. Nb3 Nd7 6. Nf3 Ne7 7. Bd2 Qc7 8. Be2 h6 9. 0-0 g5 10. Bb4 Ng6 11. Bxf8 Rxf8 12. Bd3 Bxd3 13. Qxd3 0-0-0 14. c4 g4 15. Nfd2 dxc4 16. Qxc4 Nb6 17. Qe2 Nf4 18. Qe4 Nbd5 19. Nc4 f5 20. Qe1 Rg8 21. Nd6+ Kb8 22. Nc5 Rxd6 23. exd6 Qxd6 24. Qe5 Qxe5 25. dxe5 b6 26. Nb3 Kc7 27. Rad1 a5 28. Nd4 Kb7 29. a3 a4 30. Rfe1 c5 31. Nb5 Kc6 32. Nc3 Rd8 33. Nxa4 b5 34. Nc3 Ra8 35. Ne2 h5 36. Nxf4 Nxf4 37. Rd6+ Kc7 38. Red1 Ne2+ 39. Kf1 Nd4 40. b4 Rxa3 41. bxc5 Nb3 42. Rb1 Nxc5 43. Rc1 Kb7 44. Rxc5 Ra1+ 45. Ke2 Ra2+ 46. Rd2 Rxd2+ 47. Kxd2 Kb6 48. Rc8 b4 49. Re8 Kc5 50. Rxe6 Kd5 51. Rh6 Kxe5 52. Rxh5 Ke4 53. h3 gxh3 54. Rxh3 Kd4 55. Rf3 1-0